Nové legislatívne predpisy v školách a školských zariadeniach

Legislatívne novinky, ktorých poznanie je nevyhnutným predpokladom pre zvýšenie kvality riadenia škôl a školských zariadení. Analýza zákona o pedagogických a odborných zamestnancoch a nariadení vlády o priamej výchovno-vzdelávacej činnosti. Novela školského zákona.

Salvato in:
Dettagli Bibliografici
Autore principale: Pivarníková, Oľga
Natura: Capitolo di libro
Lingua:slovacco
Soggetti:
Tags: Aggiungi Tag
Nessun Tag, puoi essere il primo ad aggiungerne!!

MARC

LEADER 00000naa a2200000 4500
001 0259151
005 20191023132613.0
041 0 |a slo 
044 |a SK 
245 1 0 |a Nové legislatívne predpisy v školách a školských zariadeniach  |c Oľga Pivarníková 
520 |a Legislatívne novinky, ktorých poznanie je nevyhnutným predpokladom pre zvýšenie kvality riadenia škôl a školských zariadení. Analýza zákona o pedagogických a odborných zamestnancoch a nariadení vlády o priamej výchovno-vzdelávacej činnosti. Novela školského zákona. 
610 2 0 |a novelizácia 
610 2 0 |a legislatíva 
610 2 0 |a riadenie 
610 2 0 |a školstvo 
610 2 0 |a predpisy 
610 2 0 |a výchova 
610 2 0 |a vzdelávanie 
100 1 |a Pivarníková, Oľga